All Ireland Football winners - Statistics

General Stats
  • This quiz has been taken 24 times
  • The average score is 16 of 19
Answer Stats
Hint Answer % Correct
7 (2010) Cork
100%
31 (2023) Dublin
95%
2 (2024) Armagh
89%
1 (1993) Derry
89%
2 (2012) Donegal
89%
9 (2001) Galway
89%
7 (1999) Meath
89%
5 (1952) Cavan
84%
39 (2025) Kerry
84%
4 (1928) Kildare
84%
2 (1896) Limerick
84%
3 (1951) Mayo
84%
4 (1920) Tipperary
84%
4 (2021) Tyrone
84%
5 (1994) Down
79%
3 (1982) Offaly
79%
3 (1957) Louth
74%
2 (1944) Roscommon
74%
5 (1918) Wexford
74%
No matching quizzes found
Score Distribution
Percent of People with Each Score
Percentile by Number Answered
Your Score History
You have not taken this quiz